000 00563nam a22001577a 4500
008 160111b xxu||||| |||| 00| 0 eng d
082 _a708
_bA217m
100 _aHamilton, Ann
_94391
245 _aAnn Hamilton: myein
_cKaty Kline and Helaine Posner
260 _aUnited States:
_b[Black Sparrow Press]
_c1999
300 _a48 p.
_bil. (col.)
_c24 cm.
600 _aHamilton, Ann
_b1956-
_xExhibiciones
_94392
650 _aMujeres Artísticas
_xExhibiciones
_94393
650 _aBienal de Venecia
_y1999
_zPabellón, Estados Unidos
_94394
650 _aArte Contemporáneo
_9977
999 _c808
_d808